00531 2200181 4500001002100000008004100021035002000062245009500082250001000177260003600187300002300223020001800246084001700264082001100281650003200292990001300324990001200337INLIS000000000000014 ind  a0010-0921000014 aMemahami Dan Membuat Penelitian Tindakan KelasbPanduan Mudah Membuat PTKcWawan Kurniawan aCet.1 aTangerangbPutaka Mandiric2017 a127c23 cm x 16 cm a9786023590483 a371.27 WAW m a371.27 aAdministrasi Pendidikan ATK aDI. 2140 aDI 2140